000 00595cam a2200229 4500
008 090401t1996 xxu||||| |||| 00| 0 eng d
020 _a058229763X
035 _a(Sirsi) u5105
041 _aeng
050 _a690.026
245 _aBuilding law reports. - Volume 77.
260 _aHarlow, Essex
_bLongman
_c1996
300 _avi,142p. ; 23cm.
350 _a0
650 _aBUILDING LAW REPORTS
650 _aCONSTRUCTION INDUSTRY
650 _aLAW REPORTS
690 _aBUILDING AND CONSTRUCTION-CASE LAW
700 _aLLoyd, Humphrey
_xEditor
942 _n0
948 _c04/03/1997
999 _c86120
_d86120